000 00448nam a2200181Ia 4500
001 12729
005 20260306163002.0
008 260306t2006||||xx |||||||||||||| ||spa||
041 _aESP
082 _aRD 001.42
_bT18
100 _aTamayo y Tamayo, Mario
_eAUT
245 0 _aDiccionario de la investigación científica
260 _c2006
300 _a172 páginas :
_c23 cm.
650 _aGEN
654 _aCCC
942 _cDIC
_dJUS
_fJUS
_2ddc
_n
999 _c12729
_d12729